| 000 | 00982cam a2200277 a 4500 | ||
|---|---|---|---|
| 001 | 000009822 | ||
| 005 | 20200929161723.0 | ||
| 008 | 001129s2000 sp 000 p spa | ||
| 020 | _a8495142112 | ||
| 082 |
_a861.6 _bL661c |
||
| 100 | 1 |
_aLeveroni, Rosa, _d1910-1985. _924729 |
|
| 245 | 1 | 3 |
_aLa casa desierta y otros poemas : _bpoesía publicada y poesía inédita / _cRosa Leveroni ; prólogo, Vinyet Panyella ; traducción Rosa Lentini. |
| 260 |
_aTarragona España : _bIgitur, _c2000. |
||
| 300 |
_a202 p. ; _c20 cm. |
||
| 490 | 1 |
_aIgitur _aPoesía _v17 |
|
| 500 | _aIncluye notas al pie de las páginas | ||
| 650 | 4 |
_aPoesía española _9631 |
|
| 650 | 4 |
_aPoesía amorosa española _915046 |
|
| 650 | 4 |
_aVida _xPoesía _924730 |
|
| 650 | 4 |
_aLiteratura española _9632 |
|
| 700 | 1 |
_aLentini, Rosa, _d1957- _etr. _924731 |
|
| 700 | 1 |
_aPanyella, Vinyet, _epról. _924732 |
|
| 710 | 2 |
_aBiblioteca de Catalunya _924733 |
|
| 830 | 0 |
_aIgitur _pPoesía ; _n17 _924734 |
|
| 999 |
_c9581 _d9581 |
||
| 040 | _aDO-SdBNP | ||